000
00301 a2200109 4500
001
ART_17521
005
20260410161750.0
008
260409a
245
1
0
_a
The age of discontinuity
100
1
_a
Drucker, Peter Ferdinand
773
0
_t
Book Summary
_g
- NÂș 13 (ene. 2010)
_w
REV4099
999
_c
19584
_d
19584